A monumental inscription on the fifth of March : together with a few lines on the enlargement of Ebenezer Richardson, convicted of murder.

Bibliographic Details
Format: Book
Language:English
Published: [Boston] : [Isaiah Thomas], [1772]
Subjects:

MARC

Tag First Indicator Second Indicator Subfields
LEADER 00000cam a2200000 i 4500
001 in00000048185
005 20151007065601.0
008 780828r19771772kyua b 00000 enged
035 |a (OCoLC)04171258 
035 |9 AAE2280AM 
040 |a Library of Lawrence S. Thompson  |c RRR  |d RRR  |d TXA  |d UtOrBLW 
043 |a n-us-ma 
049 |a TXAI 
099 |a fiche  |a C  |a 2064 
245 0 2 |a A monumental inscription on the fifth of March :  |b together with a few lines on the enlargement of Ebenezer Richardson, convicted of murder. 
264 1 |a [Boston] :  |b [Isaiah Thomas],  |c [1772] 
300 |a 1 broadside :  |b illustrations ;  |c 49 x 29 cm. 
336 |a text  |b txt  |2 rdacontent 
337 |a microform  |b h  |2 rdamedia 
338 |a microfiche  |b he  |2 rdacarrier 
500 |a Poetry. 
500 |a On shooting of Christoph Spider, 11, by Richardson, Boston Custom House officer, on 22 February 1770. 
500 |a Microfiche. Louisville, Ky. : Lost Cause Press, 1977. 2 sheets ; 10.5 x 14.8 cm. -- (Sabin, Joseph, 1821-1881. [Bibliotheca Americana] Selected Americana. [Microfiche edition]) -- (Fiche book). 
500 |a "Copied from the original in the Library of Lawrence S. Thompson. " 
500 |a Microform. 
600 1 0 |a Richardson, Ebenezer. 
651 0 |a Massachusetts  |x History  |y Colonial period, ca. 1600-1775  |x Poetry. 
999 |a MARS 
999 f f |s 5e3107fd-22f8-3159-b0a6-69acb916127b  |i 9457e246-0824-30be-b29e-03a90ee8b987  |t 0 
952 f f |p normal  |a Texas A&M University  |b College Station  |c Sterling C. Evans Library  |d Evans: Microforms (3rd floor)  |t 0  |e fiche C 2064  |h Other scheme  |i microform -- microfiche  |m A14820792527 
998 f f |a fiche C 2064  |t 0  |l Evans: Microforms (3rd floor)